US States, state capital, and largest city per state - Statistics

General Stats
  • This quiz has been taken 74 times
  • The average score is 109 of 133
Answer Stats
Answer % Correct
Alabama
96%
Arizona
96%
South Dakota
96%
Washington
96%
California
95%
Colorado
95%
North Dakota
95%
Oregon
95%
South Carolina
95%
Arkansas
93%
Kansas
93%
Massachusetts
93%
Phoenix
93%
Texas
93%
Alaska
91%
Austin
91%
Baton Rouge
91%
Denver
91%
Florida
91%
Georgia
91%
Idaho
91%
Michigan
91%
Nebraska
91%
New Mexico
91%
New York
91%
North Carolina
91%
Ohio
91%
Virginia
91%
Wyoming
91%
Jackson
89%
Maine
89%
Missouri
89%
Montana
89%
Nevada
89%
New Hampshire
89%
Portland
89%
Seattle
89%
Vermont
89%
Atlanta
88%
Boston
88%
Delaware
88%
Detroit
88%
Iowa
88%
Juneau
88%
Los Angeles
88%
Mississippi
88%
Oklahoma
88%
Rhode Island
88%
Tennessee
88%
Utah
88%
Albany
86%
Charleston
86%
Chicago
86%
Connecticut
86%
Hawaii
86%
Illinois
86%
Kentucky
86%
Louisiana
86%
Maryland
86%
Nashville
86%
Pennsylvania
86%
Sacramento
86%
West Virginia
86%
Wisconsin
86%
Columbus
84%
Indiana
84%
Indianapolis
84%
Jacksonville
84%
Lansing
84%
Las Vegas
84%
New Jersey
84%
Oklahoma City
84%
Philadelphia
84%
Salt Lake City
84%
Tallahassee
84%
Boise
82%
Des Moines
82%
Lincoln
82%
New Orleans
82%
Raleigh
82%
Anchorage
80%
Augusta
80%
Bismarck
80%
Charlotte
80%
Kansas City
80%
Omaha
80%
Annapolis
79%
Columbia
79%
Hartford
79%
Helena
79%
Houston
79%
Montgomery
79%
Richmond
79%
Salem
79%
Springfield
79%
Cheyenne
77%
Dover
77%
Honolulu
77%
Minneapolis
77%
Minnesota
77%
Olympia
77%
Pierre
77%
Santa Fe
77%
Topeka
77%
Albuquerque
75%
Frankfort
75%
Milwaukee
75%
St Paul
75%
Baltimore
73%
Montpelier
73%
Little Rock
71%
Madison
71%
Carson City
70%
Jefferson City
70%
Louisville
70%
Providence
70%
Billings
68%
Trenton
68%
Newark
63%
Concord
61%
Virginia Beach
61%
Burlington
57%
Fargo
57%
Harrisburg
57%
Wilmington
57%
Bridgeport
54%
Manchester
52%
Wichita
52%
Sioux Falls
50%
Huntsville
45%
No matching quizzes found
Score Distribution
Percent of People with Each Score
Percentile by Number Answered
Your Score History
You have not taken this quiz